000 02592cam a2200577 i 4500
001 xx004621411
003 NUKAT
005 20260402120239.0
008 190521s2019 pl a |001 0dpol c
020 _a9788380985766
_q(oprawa twarda) :
_czł 45,00
035 _a(OCoLC)1103901603
035 _a(NUKAT)xx004621411
040 _aWR U/MB
_bpol
_erda
_cWR U/MBs
_dWR U/hb
_dOLSZT 008/bak
041 0 _apol
_beng
045 2 _bd1975
_bd1990
046 _k2019
100 1 _aBrzeziński, Piotr.
_eAutor
_939428
245 1 0 _aZwijanie sztandaru :
_bKomitet Wojewódzki PZPR w Gdańsku w latach 1975-1990 /
_cPiotr Brzeziński ; Instytut Pamięci Narodowej. Komisja Ścigania Zbrodni przeciwko Narodowi Polskiemu. Oddział w Gdańsku.
246 3 0 _aKomitet Wojewódzki PZPR w Gdańsku w latach 1975-1990
260 _aGdańsk ;
_aWarszawa :
_bInstytut Pamięci Narodowej. Komisja Ścigania Zbrodni przeciwko Narodowi Polskiemu,
_c2019.
300 _a470, [2] strony, [48] strony tablic :
_bilustracje ;
_c25 cm.
336 _aTekst
_btxt
_2rdacontent
337 _aBez urządzenia pośredniczącego
_bn
_2rdamedia
338 _aWolumin
_bnc
_2rdacarrier
380 _aKsiążki
380 _aPublikacje naukowe
388 1 _a2001-
490 1 _aPublikacje Gdańskiego Oddziału IPN ;
_vt. 72
504 _aBibliografia na stronach 429-459. Indeks.
546 _aStreszczenie w języku angielskim.
610 2 7 _aKomitet Wojewódzki PZPR (Gdańsk)
_2DBN
_939429
610 2 7 _aPolska Zjednoczona Partia Robotnicza.
_bKomitet Wojewódzki (Gdańsk).
_2kaba
_939430
648 7 _a1901-2000
_2DBN
_934996
648 7 _a1945-1989
_2DBN
_936043
648 7 _a1989-2000
_2DBN
_936156
650 7 _aOrganizacja
_2DBN
_937857
650 7 _aPolitycy
_2DBN
_936070
650 7 _aPRL
_2DBN
_935084
650 7 _aStan wojenny w Polsce (1981-1983)
_2DBN
_936916
650 7 _aWydarzenia w Polsce (1980-1981)
_2DBN
_939431
650 7 _aRepresje polityczne
_zPolska
_zGdańsk
_y1970-2000.
_2kaba
_939432
651 7 _aGdańsk (woj. pomorskie)
_2DBN
_935261
655 7 _aMonografia
_2DBN
_935240
658 _aHistoria
658 _aPolityka, politologia, administracja publiczna
710 2 _aInstytut Pamięci Narodowej - Komisja Ścigania Zbrodni przeciwko Narodowi Polskiemu.
_bOddział (Gdańsk).
_eInstytucja sprawcza
_914049
710 2 _aInstytut Pamięci Narodowej - Komisja Ścigania Zbrodni przeciwko Narodowi Polskiemu.
_eWydawca
_4pbl
_911792
830 0 _aPublikacje Gdańskiego Oddziału IPN
_vt. 72
_914050
920 _a978-83-8098-576-6 (oprawa twarda) : zł 45,00
942 _2ddc
_cBK_NM
999 _c27417
_d27417